LEADER 07745oam 2201933 c 450 001 9910975326803321 005 20260302090207.0 010 $a9783846764862 010 $a3846764868 024 7 $a10.30965/9783846764862 035 $a(CKB)4940000000616791 035 $a(nllekb)BRILL9783846764862 035 $a(MiAaPQ)EBC6794761 035 $a(Au-PeEL)EBL6794761 035 $a(OCoLC)1281959332 035 $a(Brill | Fink)9783846764862 035 $a(Brill Deutschland GmbH)9783846764862 035 $a(EXLCZ)994940000000616791 100 $a20260302d2021 uy 0 101 0 $aspa 135 $aurun####uuuua 181 $ctxt$2rdacontent 182 $cc$2rdamedia 183 $2rdacarrier 200 00$aFiguraciones literarias del poder político en el Siglo de Oro$fSabine Friedrich, Christian Wehr 205 $a1st ed. 210 $aPaderborn$cBrill Deutschland GmbH$d2021 215 $a1 online resource 225 0 $aHispanistisches Kolloquium$v6 300 $aBrill | Fink 311 08$a9783770564866 311 08$a3770564863 320 $aIncludes bibliographical references and index. 327 $tPreliminary Material --$tCopyright page --$tConstrucciones del poder poli?tico en la literatura del Siglo de Oro /$rSabine Friedrich and Christian Wehr --$tLiberalidad, magnificencia y mostracio?n del poder en la ficcio?n uto?pica y el pensamiento poli?tico de la primera mitad del siglo XVI. Omni?bona y la liberalidad concertada /$rMari?a Jose? Vega --$tLa construccio?n del poder poli?tico entre espejo de pri?ncipes y gui?a moral - Calila e Dimna (1251) y Exemplario contra los engan?os y peligros del mundo (1493) /$rMechthild Albert --$tArs ratio regis vel populi? Una aproximacio?n cri?tica al papel poli?tico de la produccio?n cultural en el Siglo de Oro /$rAlberto Montaner --$t"En breve espacio viene a estar rendido". Sobre el papel de los animales en la construccio?n discursiva del poder mona?rquico en el Siglo de Oro /$rTeresa Hiergeist --$tSobre el poder paratextual: construyendo y deconstruyendo autoridad(es) en los ma?rgenes de la narrativa picaresca /$rKurt Hahn --$tLas paradojas del poder: figuras del soberano en Los trabajos de Persiles y Sigismunda de Cervantes /$rAndrea Stahl --$tDel rey abajo ninguno . Representaciones y problematizaciones del poder poli?tico en el teatro barroco /$rStefan Schreckenberg --$tHe?rcules hispa?nico. La dimensio?n poli?tica de Fieras afemina amor , de Caldero?n, en el contexto de la reto?rica iconogra?fica bajo Carlos II /$rSabine Friedrich --$tEl ideal imperial en La Numancia de Cervantes /$rJose? Manuel Marti?n Mora?n --$tLa fisiognomi?a del poder y la hermosura del rey en El pri?ncipe perfecto de Lope de Vega /$rFolke Gernert --$tEl rey de damasco y sus dobles. Soberani?a y representacio?n en el teatro a?ureo /$rStephan Leopold --$tClaroscuro. Representacio?n problematizante del poder poli?tico en La vida es suen?o /$rSofie Kluge --$tEl imaginario bi?blico como vehi?culo de cuestionamiento al poder poli?tico: el caso de Pedro de Urdemalas /$rRuth Fine --$tIma?genes del poder en la poesi?a de Quevedo ( El Parnaso espan?ol ) /$rIgnacio Arellano --$tEl juego de los accidentes. Majestad metafo?rica, agudeza de accio?n y antropologi?a cortesana en la obra de Baltasar Gracia?n /$rChristian Wehr --$tSancho Panza, gobernador y juez /$rChristoph Strosetzki --$tLope de Aguirre y otros locos: el sujeto escribe al Sujeto /$rRobert Folger --$tNarradores no fiables al servicio del imperio. Micropoli?tica y escritura ta?ctica en las autobiografi?as de soldados del siglo XVII (Alonso de Contreras, Catalina de Erauso y Miguel de Castro) /$rHanno Ehrlicher. 330 $aEl volumen estudia las formas en las que se constituye y desfigura el poder político en la literatura y la cultura del Siglo de Oro. Las contribuciones parten de la premisa de que la ficción literaria desempeña un papel fundamental en las construcciones del poder, como lo demuestran los ejemplos de varios géneros literarios de los siglos XVI y XVII. Esta interacción puede rastrearse en casi todas las esferas de la vida del imperio español: desde las élites cortesanas y religiosas hasta el creciente aparato administrativo, pasando por los mundos cotidianos picarescos y los territorios coloniales. Las posiciones abarcan referencias miméticas y afirmativas, así como construcciones de contramundos utópicos y satíricos. 410 0$aHispanistisches Kolloquium (Series) ;$vVolume 6. 606 $aAlbert 606 $aAlberto 606 $aAndrea 606 $aArellano 606 $aChristian 606 $aChristoph 606 $aEhrlicher 606 $aFiguraciones 606 $aFine 606 $aFolger 606 $aFolke 606 $aFriedrich 606 $aFrutos 606 $aGerhard 606 $aGernert 606 $aHahn 606 $aHanno 606 $aHiergeist 606 $aIgnacio 606 $aJosé 606 $aKluge 606 $aKurt 606 $aLeopold 606 $aliterarias 606 $aManuel 606 $aMaría 606 $aMartín 606 $aMechthild 606 $aMontaner 606 $aMorán 606 $apoder 606 $apolítico 606 $aPoppenberg 606 $aRobert 606 $aRuth 606 $aSabine 606 $aSchreckenberg 606 $aSiglo 606 $aSofie 606 $aStahl 606 $aStefan 606 $aStephan 606 $aStrosetzki 606 $aTeresa 606 $aVega 606 $aWehr 606 $aSpanische Literatur 606 $aPolitik 606 $aAbsolutismus 606 $aTheater 606 $aNarrativik 606 $aLyrik 606 $aUtopie 606 $aSpanish literature 606 $apolitics 606 $aabsolutism 606 $atheater 606 $anarratives 606 $apoetry 615 4$aAlbert 615 4$aAlberto 615 4$aAndrea 615 4$aArellano 615 4$aChristian 615 4$aChristoph 615 4$aEhrlicher 615 4$aFiguraciones 615 4$aFine 615 4$aFolger 615 4$aFolke 615 4$aFriedrich 615 4$aFrutos 615 4$aGerhard 615 4$aGernert 615 4$aHahn 615 4$aHanno 615 4$aHiergeist 615 4$aIgnacio 615 4$aJosé 615 4$aKluge 615 4$aKurt 615 4$aLeopold 615 4$aliterarias 615 4$aManuel 615 4$aMaría 615 4$aMartín 615 4$aMechthild 615 4$aMontaner 615 4$aMorán 615 4$apoder 615 4$apolítico 615 4$aPoppenberg 615 4$aRobert 615 4$aRuth 615 4$aSabine 615 4$aSchreckenberg 615 4$aSiglo 615 4$aSofie 615 4$aStahl 615 4$aStefan 615 4$aStephan 615 4$aStrosetzki 615 4$aTeresa 615 4$aVega 615 4$aWehr 615 4$aSpanische Literatur 615 4$aPolitik 615 4$aAbsolutismus 615 4$aTheater 615 4$aNarrativik 615 4$aLyrik 615 4$aUtopie 615 4$aSpanish literature 615 4$apolitics 615 4$aabsolutism 615 4$atheater 615 4$anarratives 615 4$apoetry 676 $a860.9358 702 $aFriedrich$b Sabine$4edt 702 $aWehr$b Christian$4edt 801 0$bMiAaPQ 801 1$bMiAaPQ 801 2$bMiAaPQ 906 $aBOOK 912 $a9910975326803321 996 $aFiguraciones literarias del poder politico en el Siglo de Oro$94170745 997 $aUNINA